=LDR 00000nam 2200000 4500 =001 INLIS00000000000089 =005 20260702043538 =020 ##$$a 978-602-5858-16-1 =082 ##$$a 899.221 =100 1#$$a Kelana, Irwan =245 1 $$a Sang Cucu /$c Irwan Kelana =300 ##$$a 120 hlm ; 13 x 19 cm